Fundamentals of Jurisprudence the Indian Approach (Record no. 20061)

MARC details
000 -LEADER
fixed length control field 00341nam a22001337a 4500
008 - FIXED-LENGTH DATA ELEMENTS--GENERAL INFORMATION
fixed length control field 230524b |||||||| |||| 00| 0 eng d
020 ## - INTERNATIONAL STANDARD BOOK NUMBER
ISBN 9384852917
100 ## - MAIN ENTRY--AUTHOR NAME
Personal name S. N. Dhyani
245 ## - TITLE STATEMENT
Title Fundamentals of Jurisprudence the Indian Approach
260 ## - PUBLICATION, DISTRIBUTION, ETC. (IMPRINT)
Place of publication Allahabad
Name of publisher CLA Pub.
Year of publication 2021
300 ## - PHYSICAL DESCRIPTION
Number of Pages 454
546 ## - LANGUAGE NOTE
Language note English
942 ## - ADDED ENTRY ELEMENTS (KOHA)
Source of classification or shelving scheme Dewey Decimal Classification
Koha item type Books
Holdings
Accession Number Cost, normal purchase price Bill Date Source of acquisition Price effective from Koha item type Withdrawn / writtenoff status Damaged status Not for loan Permanent Location Current Location Shelving location Date acquired Lost/ Missing status department
LLB 706 410.00 16-5-2023 Radha Krishna Anand & Co, Jammu 05/24/2023 Books     Not For Loan MIET Library, Jammu MIET Library, Jammu 181/6 05/18/2023   BBA LLB
LLB 707 410.00 16-5-2023 Radha Krishna Anand & Co, Jammu 05/24/2023 Books       MIET Library, Jammu MIET Library, Jammu 185/3 05/18/2023   BBA LLB
LLB 708 410.00 16-5-2023 Radha Krishna Anand & Co, Jammu 05/24/2023 Books       MIET Library, Jammu MIET Library, Jammu 185/3 05/18/2023   BBA LLB
LLB 709 410.00 16-5-2023 Radha Krishna Anand & Co, Jammu 05/24/2023 Books       MIET Library, Jammu MIET Library, Jammu 185/3 05/18/2023   BBA LLB
LLB 710 410.00 16-5-2023 Radha Krishna Anand & Co, Jammu 05/24/2023 Books       MIET Library, Jammu MIET Library, Jammu 185/3 05/18/2023   BBA LLB